Menschliches, Allzumenschliches II. 95.

Elmentve itt :
Bibliográfiai részletek
Szerző: Nietzsche, Friedrich Wilhelm
Adatforrás:Philobibl
Forrásdokumentuma:Élet 1
1891/1., 284. p.
Dokumentumtípus: Cikk
Nyelv:magyar
LEADER 00370nab a2200121 c 4500
001 bibDOK00010021
005 20200924120534.4
008 060518s1891 xx hun
100 1 |a Nietzsche, Friedrich Wilhelm 
245 1 0 |a Menschliches, Allzumenschliches II. 95.  |c Nietzsche, Friedrich Wilhelm 
500 |a Katona Lajos (ford.) 
500 |a részlet 
773 0 |t Élet 1  |g 1891/1., 284. p.